Trasa Autobusu 177 Warszawa - Statystyki

Ogólne statystyki
  • Ten quiz został rozwiązany 15 razy
  • Średni wynik to 13 z 26
Statystyki odpowiedzi
Ulice Przystanki % Poprawnych
Posag 7 Panien Posag 7 Panien
82%
Keniga Keniga
73%
Lazurowa Lazurowa
73%
Orląt Lwowskich Ursus - Niedźwiadek
73%
Czerwona Droga Czerwona Droga
64%
Aleja 4 Czerwca 1989 roku Nowe Włochy
64%
Keniga PKP Ursus - Niedźwiadek
64%
Człuchowska Człuchowska
55%
Górczewska Klemensiewicza
55%
Orłów Piastowskich Królowej Bony
55%
Górczewska Metro Bemowo
55%
Orląt Lwowskich Orląt Lwowskich
55%
Górczewska Osiedle Górczewska
55%
Szamoty Ursus - Ratusz
55%
Aleja 4 Czerwca 1989 roku Ursus - Ratusz
55%
Powstańców Śląskich Hala Wola
45%
Powstańców Śląskich Plac Kasztelański
45%
Lazurowa Sternicza
45%
Powstańców Śląskich Czumy
36%
Szamoty PKP Ursus Północny
36%
Aleja 4 Czerwca 1989 roku PKP Ursus Północny
36%
Człuchowska Raginisa
36%
Człuchowska Rozłogi
36%
Lazurowa Siemiatycka
36%
Posag 7 Panien Zajezdnia Ursus Północny
27%
Posag 7 Panien Habicha
9%
Nie znaleziono quizów pasujących do podanych kryteriów
Rozkład punktacji
Procent ludzi z każdym wynikiem
Percentyl według liczby udzielonych odpowiedzi
Twoja historia wyników
Nie rozwiązałeś tego quizu